Teoría de la educación / (Record no. 42218)

MARC details
000 -LEADER
campo de control de longitud fija 00587nam a2200181 i 4500
001 - NÚMERO DE CONTROL
campo de control 42218
003 - IDENTIFICADOR DE NÚMERO DE CONTROL
campo de control ES-MaACL
005 - FECHA Y HORA DE LA ÚLTIMA TRANSACCIÓN
campo de control 20230906160552.0
007 - CAMPO FIJO DE DESCRIPCIÓN FÍSICA--INFORMACIÓN GENERAL
campo de control de longitud fija t|
008 - DATOS DE LONGITUD FIJA--INFORMACIÓN GENERAL
campo de control de longitud fija 030313s1981 sp ||||1| spa d
100 1# - ENTRADA PRINCIPAL--NOMBRE DE PERSONA
Nombre de persona Castillejo Brull, José Luis.
9 (RLIN) 36663
245 10 - MENCIÓN DEL TÍTULO
Título Teoría de la educación /
Mención de responsabilidad, etc. José Luis Castillejo Brull, Juan Escámez Sánchez, Ricardo Marín Ibáñez.
260 ## - PUBLICACIÓN, DISTRIBUCIÓN, ETC.
Lugar de publicación, distribución, etc. [Madrid] :
Nombre del editor, distribuidor, etc. Anaya,
Fecha de publicación, distribución, etc. [1981]
300 ## - DESCRIPCIÓN FÍSICA
Extensión 159 p. ;
Dimensiones 22 cm.
700 1# - ENTRADA AGREGADA--NOMBRE PERSONAL
Nombre de persona Escámez Sánchez, Juan.
9 (RLIN) 47491
700 0# - ENTRADA AGREGADA--NOMBRE PERSONAL
Nombre de persona Marín Ibáñez, Ricardo.
9 (RLIN) 76792
852 ## - LOCALIZACIÓN
Ubicación ES-MaACL
Número de control de estantería L-1368
Sublocalización o colección R.101493
Holdings
Estatus retirado Estado de pérdida Estado de daño No para préstamo Biblioteca de origen Biblioteca actual Ubicación en estantería Fecha de adquisición Fuente de adquisición Total de préstamos Signatura topográfica completa Código de barras Visto por última vez Precio de reemplazo Tipo de ítem Koha
        Biblioteca del Ateneo de Madrid Biblioteca del Ateneo de Madrid Depósito 2 17/01/2008     L-1368 1044433 23/02/2023 23/02/2023 Libro impreso